000 00777nam a2200205 i 4500
001 183714
003 ES-MaACL
005 20230906221946.0
008 141002s2014 sp a |||| |dspa d
020 _a978-84-697-1110-1
100 1 _aEtxaniz Makazaga, José-Manuel.
_9137731
245 1 0 _aVeterinarios en las universidades de la Alcaldía Mayor de Sayaz-Gipuzkoa (1913-1982) /
_cJosé Manuel Etxaniz Makazaga.
260 _aDonostia-San Sebastián :
_bColegio Oficial de Veterinarios de Gipuzkoa,
_c2014.
300 _a84 p. :
_bil. ;
_c21 cm.
504 _aBibliografía: p. 83.
594 _aTít. tomado de la cub.
650 4 _aVeterinarios-
_zGuipúzcoa.
_9138775
710 2 _aColegio Oficial de Veterinarios de Gipuzkoa.
_9138774
852 _aES-MaACL
_j2120-F-19
999 _c183714
_d183714